يو نا نی جر نل نو لجکے سو ا لا ت کا و جو ا با ت (Record no. 87416)

MARC details
000 -LEADER
fixed length control field 01416nam a22002777a 4500
005 - DATE AND TIME OF LATEST TRANSACTION
control field 20170420151424.0
008 - FIXED-LENGTH DATA ELEMENTS--GENERAL INFORMATION
fixed length control field 140714b xxu||||| |||| 00| 0 Urdu d
010 ## - LCCN (DPL NO)
LC control number UR-148 B-548061-064 B-666004
020 ## - INTERNATIONAL STANDARD BOOK NUMBER
Terms of availability 150.00
035 ## - SYSTEM CONTROL NUMBER
System control number U-148 B-548061-064 B-666004
037 ## - SOURCE OF ACQUISITION
Source of stock number/acquisition BPPD/Pub/Ven
037 ## - SOURCE OF ACQUISITION
Source of stock number/acquisition K K Publications/Idara KItabush Shifa(Pub.)
040 ## - CATALOGING SOURCE
Original cataloging agency DPL
Language of cataloging Urdu
082 ## - DEWEY DECIMAL CLASSIFICATION NUMBER
Classification number 615.53
100 ## - MAIN ENTRY--PERSONAL NAME
Personal name ڈ ا کٹر سليم ا ختر
245 ## - TITLE STATEMENT
Title يو نا نی جر نل نو لجکے سو ا لا ت کا و جو ا با ت
Statement of responsibility, etc ڈ ا کٹر سليم ا ختر
246 ## - VARYING FORM OF TITLE
Title proper/short title Unani General Knowledge M.C.Q.S.
Remainder of title byDr. Saleem Akhtar
260 ## - PUBLICATION, DISTRIBUTION, ETC. (IMPRINT)
Name of publisher, distributor, etc Idara Kitab-US-Shifa
Date of publication, distribution, etc 2014
Place of publication, distribution, etc New Delhi
260 ## - PUBLICATION, DISTRIBUTION, ETC. (IMPRINT)
Name of publisher, distributor, etc k.K.P. (Vender)
270 ## - ADDRESS
Address 2075,Ist Floor ,Masjid Mazar Wali ,Nahar Khan Street,Kucha Chelan Darya Ganj
City New Delhi
Postal code 110002
Telephone number 23283494,9312273887
270 ## - ADDRESS
Address 4806/24,Bharat Ram Road ,Dariya Ganj,
City New Delhi (Vender)
Postal code 110002
Telephone number 011 64527574,Fax47340207,M:9213116968-
300 ## - PHYSICAL DESCRIPTION
Extent 186ص
Dimensions 22cm (Hb)
942 ## - ADDED ENTRY ELEMENTS (KOHA)
Source of classification or shelving scheme Dewey Decimal Classification
Item type Urdu Bks
Classification part 615.53
Call number suffix س ل ی
Holdings
Withdrawn status Lost status Source of classification or shelving scheme Damaged status Not for loan Collection code Home library Current library Date acquired Source of acquisition Cost, normal purchase price Total Checkouts Full call number Barcode Date last seen Copy number Cost, replacement price Koha item type
    Dewey Decimal Classification     Non-fiction Ashok Vihar Ashok Vihar 20/04/2017 BPPD/UR/2014-15/AV/16-17/658/KKP/936/7.3.17/8.3.17 150.00   615.53 س ل ی B-666004 20/04/2017 1 150.00 Urdu Bks
    Dewey Decimal Classification     Non-fiction Central Library Central Library 08/12/2014 BPPD/UR/2014-15/1.8.14/KKP/1351/12.8.14/2.9.14 150.00 2 615.53 س ل ی B-548061 05/12/2017 1 150.00 Urdu Bks
    Dewey Decimal Classification     Non-fiction Mobile Library Mobile Library 08/12/2014 BPPD/UR/2014-15/1.8.14/KKP/1351/12.8.14/2.9.14 150.00   615.53 س ل ی B-548062 08/12/2014 1 150.00 Urdu Bks
  Written-off vide DLB M. No. 383 dt 16.05.19 Dewey Decimal Classification     Non-fiction Patel Nagar Patel Nagar 08/12/2014 BPPD/UR/2014-15/1.8.14/KKP/1351/12.8.14/2.9.14 150.00   615.53 س ل ی B-548063 08/12/2014 1 150.00 Urdu Bks
    Dewey Decimal Classification     Non-fiction Sarojini Nagar Sarojini Nagar 08/12/2014 BPPD/UR/2014-15/1.8.14/KKP/1351/12.8.14/2.9.14 150.00   615.53 س ل ی B-548064 08/12/2014 1 150.00 Urdu Bks

© Delhi Public Library
Hit Counter
free hit counter